[Event "World Chess Olympiad 2018"]
[Site "Batumi"]
[Date "2018.09.30"]
[Round "6"]
[Board "4"]
[WhiteFideId "2205505"]
[White "Palacios Perez Manuel"]
[BlackFideId "12600750"]
[Black "Adu Jnr Lionel"]
[Result "0-1"]
[LiveChessVersion "1.4.8"]
[BlackElo "1896"]
[WhiteElo "2151"]

1. e4 c6 2. d4 d5 3. Nd2 g6 4. Ngf3 Bg4 5. c3 Bxf3 6. Qxf3 Bg7 7. Bd3 e6 8. h4 h5
9. Nb3 dxe4 10. Bxe4 Nd7 11. Bg5 Ngf6 12. Bd3 Qb6 13. Rd1 a5 14. Bc1 O-O 15. O-O
e5 16. Rfe1 a4 17. Nd2 exd4 18. cxd4 Qxd4 19. Ne4 Nxe4 20. Rxe4 Qb6 21. Qf4 Nc5
22. Rb4 Qa5 23. Bc2 Rad8 24. Re1 Rd4 0-1

[Event "World Chess Olympiad 2018"]
[Site "Batumi"]
[Date "2018.09.30"]
[Round "6"]
[Board "1"]
[WhiteFideId "5300118"]
[White "Eid Fadi"]
[BlackFideId "1700146"]
[Black "Wiedenkeller Michael"]
[Result "1/2-1/2"]
[LiveChessVersion "1.4.8"]
[BlackElo "2464"]
[WhiteElo "2328"]

1. e4 {[%clk 1:30:56]} e6 {[%clk 1:30:43]} 2. d4 {[%clk 1:31:19]} d5
{[%clk 1:31:06]} 3. Nc3 {[%clk 1:31:30]} Nf6 {[%clk 1:31:18]} 4. Bg5
{[%clk 1:31:47]} dxe4 {[%clk 1:31:12]} 5. Nxe4 {[%clk 1:32:07]} Nbd7
{[%clk 1:31:36]} 6. Nf3 {[%clk 1:31:36]} Be7 {[%clk 1:31:54]} 7. Nxf6+
{[%clk 1:31:58]} Bxf6 {[%clk 1:32:11]} 8. h4 {[%clk 1:32:20]} c5 {[%clk 1:32:11]}
9. Bd3 {[%clk 1:27:21]} cxd4 {[%clk 1:21:33]} 10. Qe2 {[%clk 1:27:18]} Qa5+
{[%clk 1:19:45]} 11. Qd2 {[%clk 1:23:07]} Qxd2+ {[%clk 1:09:51]} 12. Kxd2
{[%clk 1:23:26]} e5 {[%clk 1:06:04]} 13. Rae1 {[%clk 1:23:18]} O-O
{[%clk 1:06:06]} 14. Bxf6 {[%clk 1:17:16]} gxf6 {[%clk 1:06:25]} 15. g4
{[%clk 1:17:37]} b6 {[%clk 0:46:00]} 16. Be4 {[%clk 1:15:40]} Rb8
{[%clk 0:46:24]} 17. g5 {[%clk 1:12:25]} Nc5 {[%clk 0:44:47]} 18. Bc6
{[%clk 1:12:33]} fxg5 {[%clk 0:42:15]} 19. Nxe5 {[%clk 1:07:04]} g4
{[%clk 0:34:18]} 20. h5 {[%clk 0:55:54]} Rd8 {[%clk 0:28:39]} 21. Rhg1
{[%clk 0:53:14]} f5 {[%clk 0:26:27]} 22. f3 {[%clk 0:53:07]} d3 {[%clk 0:20:00]}
23. c3 {[%clk 0:50:35]} Bb7 {[%clk 0:19:15]} 24. b4 {[%clk 0:49:52]} Ne6
{[%clk 0:18:36]} 25. fxg4 {[%clk 0:49:48]} f4 {[%clk 0:18:42]} 26. g5
{[%clk 0:49:50]} Rd6 {[%clk 0:17:07]} 27. Bxb7 {[%clk 0:39:18]} Rxb7
{[%clk 0:17:30]} 28. h6 {[%clk 0:35:48]} Nf8 {[%clk 0:10:18]} 29. Rgf1
{[%clk 0:34:47]} Ne6 {[%clk 0:08:37]} 30. Rg1 {[%clk 0:30:19]} Nf8
{[%clk 0:08:30]} 31. Ref1 {[%clk 0:29:16]} Re7 {[%clk 0:08:24]} 32. Re1
{[%clk 0:27:35]} Rd5 {[%clk 0:05:46]} 33. Nf3 {[%clk 0:26:13]} Kf7
{[%clk 0:03:38]} 34. Rxe7+ {[%clk 0:25:56]} Kxe7 {[%clk 0:04:07]} 35. Re1+
{[%clk 0:25:45]} Kf7 {[%clk 0:02:49]} 36. Ne5+ {[%clk 0:23:10]} Kg8
{[%clk 0:03:04]} 37. c4 {[%clk 0:22:46]} Rd4 {[%clk 0:02:13]} 38. c5
{[%clk 0:21:16]} bxc5 {[%clk 0:01:25]} 39. bxc5 {[%clk 0:19:39]} Ra4
{[%clk 0:00:54]} 40. Nxd3 {[%clk 0:48:29]} Rxa2+ {[%clk 0:30:41]} 41. Kc3
{[%clk 0:48:57]} f3 {[%clk 0:22:36]} 42. Rf1 {[%clk 0:42:57]} Ra3+
{[%clk 0:18:54]} 43. Kc4 {[%clk 0:42:51]} Ra4+ {[%clk 0:14:37]} 44. Kb3
{[%clk 0:36:02]} Rg4 {[%clk 0:13:27]} 45. Rxf3 {[%clk 0:33:26]} Rxg5
{[%clk 0:13:46]} 46. Re3 {[%clk 0:26:18]} Rg6 {[%clk 0:11:24]} 47. Ne5
{[%clk 0:23:00]} Rg5 {[%clk 0:09:21]} 48. Kc4 {[%clk 0:22:26]} Ne6
{[%clk 0:09:14]} 49. Kd5 {[%clk 0:20:29]} Nc7+ {[%clk 0:04:16]} 50. Kc6
{[%clk 0:16:25]} Ne6 {[%clk 0:02:55]} 51. Kd6 {[%clk 0:16:47]} Nd4
{[%clk 0:03:06]} 52. c6 {[%clk 0:15:34]} Kf8 {[%clk 0:01:22]} 53. c7
{[%clk 0:05:30]} Nb5+ {[%clk 0:01:48]} 54. Kd7 {[%clk 0:04:51]} Nxc7
{[%clk 0:02:16]} 55. Kxc7 {[%clk 0:04:15]} Rh5 {[%clk 0:02:14]} 56. Kd7
{[%clk 0:04:15]} Rxh6 {[%clk 0:02:34]} 57. Rf3+ {[%clk 0:04:34]} Kg7
{[%clk 0:02:36]} 58. Rf7+ {[%clk 0:04:38]} Kg8 {[%clk 0:02:54]} 59. Ke7
{[%clk 0:04:30]} Rh1 {[%clk 0:02:04]} 60. Rf2 {[%clk 0:03:53]} Rg1
{[%clk 0:02:03]} 61. Kf6 {[%clk 0:01:43]} a5 {[%clk 0:02:05]} 62. Rf4
{[%clk 0:01:45]} a4 {[%clk 0:01:03]} 63. Rxa4 {[%clk 0:01:44]} Rf1+
{[%clk 0:01:28]} 64. Kg5 {[%clk 0:01:51]} Kf8 {[%clk 0:01:25]} 65. Ra7
{[%clk 0:01:14]} Rg1+ {[%clk 0:01:32]} 66. Kf5 {[%clk 0:01:36]} Rf1+
{[%clk 0:01:57]} 67. Ke6 {[%clk 0:01:57]} Rh1 {[%clk 0:01:31]} 68. Rf7+
{[%clk 0:01:16]} Kg8 {[%clk 0:01:54]} 69. Rf2 {[%clk 0:01:13]} Rg1
{[%clk 0:02:04]} 70. Nd7 {[%clk 0:00:46]} Kg7 {[%clk 0:02:01]} 71. Ne5
{[%clk 0:01:03]} h5 {[%clk 0:01:50]} 72. Kf5 {[%clk 0:01:15]} h4 {[%clk 0:01:21]}
73. Ra2 {[%clk 0:01:13]} Rf1+ {[%clk 0:01:18]} 74. Kg5 {[%clk 0:01:30]} Rg1+
{[%clk 0:01:38]} 75. Kxh4 {[%clk 0:01:09]} Kf6 {[%clk 0:01:57]} 76. Ng4+
{[%clk 0:01:35]} Kf5 {[%clk 0:02:10]} 77. Rf2+ {[%clk 0:01:55]} Ke6
{[%clk 0:02:19]} 78. Kg5 {[%clk 0:02:10]} Re1 {[%clk 0:02:22]} 79. Ra2
{[%clk 0:02:19]} Rg1 {[%clk 0:02:26]} 80. Re2+ {[%clk 0:02:28]} Kd5
{[%clk 0:02:42]} 81. Rf2 {[%clk 0:01:22]} Ke6 {[%clk 0:02:56]} 82. Kf4
{[%clk 0:01:28]} Re1 {[%clk 0:03:12]} 83. Ne3 {[%clk 0:01:43]} Ra1
{[%clk 0:03:31]} 1/2-1/2

[Event "World Chess Olympiad 2018"]
[Site "Batumi"]
[Date "2018.09.30"]
[Round "6"]
[Board "2"]
[WhiteFideId "4000102"]
[White "Berend Fred"]
[BlackFideId "5300380"]
[Black "El Jawich Amro"]
[Result "1/2-1/2"]
[LiveChessVersion "1.4.8"]
[BlackElo "2276"]
[WhiteElo "2358"]

1. d4 {[%clk 1:30:41]} Nf6 {[%clk 1:30:49]} 2. c4 {[%clk 1:31:06]} g6
{[%clk 1:31:10]} 3. Nc3 {[%clk 1:31:31]} Bg7 {[%clk 1:31:30]} 4. e4
{[%clk 1:31:56]} d6 {[%clk 1:31:55]} 5. Be2 {[%clk 1:32:22]} O-O {[%clk 1:32:11]}
6. Nf3 {[%clk 1:32:48]} Nbd7 {[%clk 1:31:51]} 7. O-O {[%clk 1:32:53]} e5
{[%clk 1:32:13]} 8. Re1 {[%clk 1:32:46]} c6 {[%clk 1:31:47]} 9. Bf1
{[%clk 1:30:18]} h6 {[%clk 1:31:28]} 10. Rb1 {[%clk 1:23:47]} Nh7
{[%clk 1:30:10]} 11. b3 {[%clk 1:16:37]} Ng5 {[%clk 1:17:39]} 12. dxe5
{[%clk 1:08:16]} Nxf3+ {[%clk 1:14:05]} 13. Qxf3 {[%clk 1:08:36]} Nxe5
{[%clk 0:59:28]} 14. Qe2 {[%clk 1:00:05]} f5 {[%clk 0:45:32]} 15. Bb2
{[%clk 0:51:13]} f4 {[%clk 0:40:04]} 16. f3 {[%clk 0:47:29]} g5 {[%clk 0:38:20]}
17. Rbd1 {[%clk 0:46:31]} g4 {[%clk 0:34:44]} 18. Rd2 {[%clk 0:44:07]} Qg5
{[%clk 0:25:40]} 19. fxg4 {[%clk 0:33:48]} f3 {[%clk 0:17:36]} 20. Qe3
{[%clk 0:33:24]} f2+ {[%clk 0:16:41]} 21. Rxf2 {[%clk 0:29:48]} Qxe3
{[%clk 0:16:57]} 22. Rxe3 {[%clk 0:30:06]} Rxf2 {[%clk 0:17:19]} 23. Kxf2
{[%clk 0:30:20]} Nxg4+ {[%clk 0:17:43]} 24. Ke2 {[%clk 0:30:34]} Nxe3
{[%clk 0:18:05]} 25. Kxe3 {[%clk 0:31:03]} Be5 {[%clk 0:16:42]} 26. h3
{[%clk 0:30:35]} Be6 {[%clk 0:15:33]} 27. Be2 {[%clk 0:30:53]} a5
{[%clk 0:12:47]} 28. a4 {[%clk 0:30:18]} Rf8 {[%clk 0:12:21]} 29. Nd1
{[%clk 0:25:51]} Bf4+ {[%clk 0:08:10]} 30. Kd4 {[%clk 0:23:29]} Kf7
{[%clk 0:06:11]} 31. Bc3 {[%clk 0:22:04]} Rg8 {[%clk 0:05:18]} 32. Bf3
{[%clk 0:20:25]} Ke7 {[%clk 0:03:15]} 33. Be1 {[%clk 0:18:32]} b5
{[%clk 0:01:44]} 34. axb5 {[%clk 0:07:15]} cxb5 {[%clk 0:02:12]} 35. cxb5
{[%clk 0:04:37]} Be5+ {[%clk 0:01:31]} 36. Kd3 {[%clk 0:03:57]} Bxb3
{[%clk 0:00:58]} 37. Bxa5 {[%clk 0:03:53]} Rc8 {[%clk 0:00:40]} 38. Ne3
{[%clk 0:02:15]} Rc5 {[%clk 0:00:36]} 39. Bd2 {[%clk 0:02:14]} Rxb5
{[%clk 0:00:35]} 40. Nf5+ {[%clk 0:32:24]} Kd7 {[%clk 0:30:33]} 41. Bxh6
{[%clk 0:31:01]} Ba2 {[%clk 0:20:26]} 42. Bd2 {[%clk 0:23:37]} d5
{[%clk 0:15:26]} 43. Nd4 {[%clk 0:12:31]} Bb1+ {[%clk 0:09:12]} 44. Ke3
{[%clk 0:11:48]} Bxd4+ {[%clk 0:09:01]} 45. Kxd4 {[%clk 0:12:10]} Bxe4
{[%clk 0:07:59]} 46. Bxe4 {[%clk 0:11:17]} dxe4 {[%clk 0:08:26]} 47. Kxe4
{[%clk 0:10:47]} Rb2 {[%clk 0:07:49]} 48. Ke3 {[%clk 0:11:10]} Ke6
{[%clk 0:08:06]} 49. Kd3 {[%clk 0:08:16]} Rb8 {[%clk 0:06:35]} 50. Ke2
{[%clk 0:08:15]} Rb2 {[%clk 0:05:06]} 51. g4 {[%clk 0:07:34]} Ke5
{[%clk 0:03:15]} 52. h4 {[%clk 0:07:42]} Ra2 {[%clk 0:02:02]} 53. h5
{[%clk 0:08:03]} Kf6 {[%clk 0:01:20]} 54. Kd3 {[%clk 0:05:36]} Ra4
{[%clk 0:01:30]} 55. g5+ {[%clk 0:05:41]} Kf5 {[%clk 0:01:29]} 56. g6
{[%clk 0:06:09]} Rg4 {[%clk 0:01:21]} 57. Bc3 {[%clk 0:06:20]} Rxg6
{[%clk 0:01:36]} 58. hxg6 {[%clk 0:06:43]} 1/2-1/2

[Event "World Chess Olympiad 2018"]
[Site "Batumi"]
[Date "2018.09.30"]
[Round "6"]
[Board "3"]
[WhiteFideId "5300150"]
[White "Kassis Antoine"]
[BlackFideId "4001206"]
[Black "Linster Philippe"]
[Result "0-1"]
[LiveChessVersion "1.4.8"]
[BlackElo "2273"]
[WhiteElo "2173"]

1. e4 {[%clk 1:30:57]} e5 {[%clk 1:30:52]} 2. Nf3 {[%clk 1:31:16]} Nc6
{[%clk 1:31:16]} 3. Bb5 {[%clk 1:31:36]} a6 {[%clk 1:31:38]} 4. Ba4
{[%clk 1:31:52]} Nf6 {[%clk 1:32:01]} 5. O-O {[%clk 1:32:13]} Be7
{[%clk 1:32:25]} 6. Re1 {[%clk 1:32:21]} b5 {[%clk 1:32:49]} 7. Bb3
{[%clk 1:32:45]} d6 {[%clk 1:33:14]} 8. c3 {[%clk 1:33:04]} O-O {[%clk 1:33:36]}
9. h3 {[%clk 1:33:25]} Nb8 {[%clk 1:33:50]} 10. d4 {[%clk 1:33:04]} Nbd7
{[%clk 1:34:16]} 11. Nbd2 {[%clk 1:32:40]} Bb7 {[%clk 1:34:40]} 12. Bc2
{[%clk 1:32:42]} Re8 {[%clk 1:35:03]} 13. Nf1 {[%clk 1:32:15]} Bf8
{[%clk 1:35:21]} 14. Ng3 {[%clk 1:32:11]} g6 {[%clk 1:35:44]} 15. a4
{[%clk 1:27:48]} c5 {[%clk 1:35:16]} 16. d5 {[%clk 1:27:51]} c4 {[%clk 1:34:46]}
17. Bg5 {[%clk 1:25:15]} Bg7 {[%clk 1:34:04]} 18. Qd2 {[%clk 1:20:20]} Nc5
{[%clk 1:34:06]} 19. Nh2 {[%clk 1:15:20]} h5 {[%clk 1:32:11]} 20. Nf3
{[%clk 1:05:15]} Qc7 {[%clk 1:14:00]} 21. Ra3 {[%clk 0:48:11]} Reb8
{[%clk 1:04:23]} 22. a5 {[%clk 0:37:29]} Bc8 {[%clk 0:59:57]} 23. Bh6
{[%clk 0:29:56]} Nh7 {[%clk 0:42:21]} 24. Bxg7 {[%clk 0:26:21]} Kxg7
{[%clk 0:42:49]} 25. Ng5 {[%clk 0:23:31]} Qe7 {[%clk 0:41:36]} 26. Nxh7
{[%clk 0:16:56]} Kxh7 {[%clk 0:42:05]} 27. b4 {[%clk 0:16:34]} cxb3
{[%clk 0:40:40]} 28. Bxb3 {[%clk 0:16:54]} Bd7 {[%clk 0:35:31]} 29. Bd1
{[%clk 0:12:31]} Rf8 {[%clk 0:29:05]} 30. Nf1 {[%clk 0:05:39]} Rac8
{[%clk 0:25:29]} 31. Nh2 {[%clk 0:04:21]} Qf6 {[%clk 0:19:54]} 32. Nf3
{[%clk 0:02:48]} Rfe8 {[%clk 0:19:04]} 33. Ng5+ {[%clk 0:02:56]} Kg7
{[%clk 0:19:31]} 34. g3 {[%clk 0:02:34]} Qe7 {[%clk 0:16:41]} 35. Kh2
{[%clk 0:02:09]} f6 {[%clk 0:14:43]} 36. Nf3 {[%clk 0:02:29]} Nb7
{[%clk 0:09:34]} 37. Be2 {[%clk 0:01:32]} Qd8 {[%clk 0:08:34]} 38. Rea1
{[%clk 0:01:26]} Nc5 {[%clk 0:06:24]} 39. Qe3 {[%clk 0:01:05]} Na4
{[%clk 0:04:59]} 40. Nd2 {[%clk 0:30:39]} Qxa5 {[%clk 0:34:15]} 41. c4
{[%clk 0:25:08]} Qc7 {[%clk 0:28:23]} 42. cxb5 {[%clk 0:08:11]} axb5
{[%clk 0:28:35]} 43. Bd1 {[%clk 0:02:15]} Qc5 {[%clk 0:22:35]} 44. Qf3
{[%clk 0:01:48]} Qb4 {[%clk 0:20:00]} 45. Nf1 {[%clk 0:01:39]} Rc7
{[%clk 0:16:26]} 46. Ne3 {[%clk 0:01:28]} Rc3 {[%clk 0:14:50]} 47. Rxc3
{[%clk 0:01:24]} Nxc3 {[%clk 0:14:30]} 48. Ra7 {[%clk 0:01:33]} Re7
{[%clk 0:14:45]} 49. Bc2 {[%clk 0:01:45]} Qc5 {[%clk 0:13:20]} 50. Rb7
{[%clk 0:01:49]} Qc8 {[%clk 0:12:41]} 51. Ra7 {[%clk 0:01:27]} Qb8
{[%clk 0:12:33]} 52. Ra1 {[%clk 0:01:44]} b4 {[%clk 0:09:49]} 53. Bb3
{[%clk 0:02:04]} Bb5 {[%clk 0:09:39]} 54. Nc2 {[%clk 0:01:50]} Be8
{[%clk 0:07:20]} 55. Qe3 {[%clk 0:01:46]} Rb7 {[%clk 0:06:53]} 56. Ra5
{[%clk 0:01:08]} Qc7 {[%clk 0:06:09]} 57. Ra8 {[%clk 0:01:14]} Bd7
{[%clk 0:05:42]} 58. f4 {[%clk 0:00:59]} Nd1 {[%clk 0:04:09]} 59. Qf3
{[%clk 0:01:05]} Qc3 {[%clk 0:04:14]} 60. Qxd1 {[%clk 0:01:18]} Qxb3
{[%clk 0:04:41]} 61. fxe5 {[%clk 0:01:38]} Rc7 {[%clk 0:03:38]} 62. exf6+
{[%clk 0:01:14]} Kf7 {[%clk 0:04:07]} 0-1

[Event "World Chess Olympiad 2018"]
[Site "Batumi"]
[Date "2018.09.30"]
[Round "6"]
[Board "4"]
[WhiteFideId "4000803"]
[White "Jeitz Christian"]
[BlackFideId "5302803"]
[Black "Al Kaoury Mahdi"]
[Result "0-1"]
[LiveChessVersion "1.4.8"]
[BlackElo "2106"]
[WhiteElo "2220"]

1. e4 {[%clk 1:30:58]} e6 {[%clk 1:30:19]} 2. d4 {[%clk 1:31:22]} d5
{[%clk 1:30:47]} 3. Nc3 {[%clk 1:31:46]} Bb4 {[%clk 1:31:14]} 4. e5
{[%clk 1:32:08]} c5 {[%clk 1:31:41]} 5. a3 {[%clk 1:32:24]} Ba5 {[%clk 1:32:07]}
6. b4 {[%clk 1:32:35]} cxd4 {[%clk 1:32:33]} 7. Nb5 {[%clk 1:32:48]} Bc7
{[%clk 1:32:59]} 8. f4 {[%clk 1:32:49]} Ne7 {[%clk 1:33:15]} 9. Nf3
{[%clk 1:25:20]} Nbc6 {[%clk 1:33:39]} 10. Bd3 {[%clk 1:23:19]} a6
{[%clk 1:33:27]} 11. Nxc7+ {[%clk 1:23:42]} Qxc7 {[%clk 1:33:56]} 12. Bb2
{[%clk 1:19:29]} Bd7 {[%clk 1:34:20]} 13. Qd2 {[%clk 1:14:40]} Rc8
{[%clk 1:34:41]} 14. Nxd4 {[%clk 1:10:01]} Nxd4 {[%clk 1:35:02]} 15. Bxd4
{[%clk 1:10:26]} Bb5 {[%clk 1:35:24]} 16. O-O {[%clk 1:06:46]} Nf5
{[%clk 1:25:01]} 17. Bc5 {[%clk 1:00:58]} b6 {[%clk 1:20:25]} 18. Bf2
{[%clk 1:00:54]} O-O {[%clk 1:20:50]} 19. g4 {[%clk 0:56:53]} Ne7
{[%clk 1:21:13]} 20. Bd4 {[%clk 0:54:12]} Qb8 {[%clk 1:18:47]} 21. f5
{[%clk 0:45:46]} exf5 {[%clk 1:14:27]} 22. gxf5 {[%clk 0:44:38]} Nc6
{[%clk 1:14:45]} 23. Qe3 {[%clk 0:36:27]} Bxd3 {[%clk 1:11:55]} 24. cxd3
{[%clk 0:36:49]} Nxd4 {[%clk 1:11:21]} 25. Qxd4 {[%clk 0:37:17]} f6
{[%clk 1:11:45]} 26. Qxd5+ {[%clk 0:35:13]} Kh8 {[%clk 1:12:11]} 27. d4
{[%clk 0:24:38]} Rfd8 {[%clk 1:09:25]} 28. Qe4 {[%clk 0:23:01]} Rc4
{[%clk 1:08:59]} 29. Rad1 {[%clk 0:16:25]} fxe5 {[%clk 1:08:36]} 30. Qxe5
{[%clk 0:16:22]} Qc8 {[%clk 1:08:52]} 31. Rd2 {[%clk 0:13:35]} Re8
{[%clk 1:08:36]} 32. Qf4 {[%clk 0:13:15]} Rc1 {[%clk 1:08:19]} 33. Rdf2
{[%clk 0:09:08]} Rc6 {[%clk 1:06:19]} 34. d5 {[%clk 0:03:47]} Rf6
{[%clk 1:06:39]} 35. Qd4 {[%clk 0:02:54]} Qd7 {[%clk 1:06:38]} 36. Qd3
{[%clk 0:01:45]} b5 {[%clk 1:03:31]} 37. Re2 {[%clk 0:00:43]} Rxe2
{[%clk 1:03:27]} 38. Qxe2 {[%clk 0:01:12]} Qxd5 {[%clk 1:03:47]} 39. Rd1
{[%clk 0:01:15]} Qxf5 {[%clk 1:03:31]} 40. Rd8+ {[%clk 0:30:44]} Rf8
{[%clk 1:33:59]} 41. Rxf8+ {[%clk 0:26:01]} Qxf8 {[%clk 1:34:27]} 42. Qe6
{[%clk 0:25:58]} Qa8 {[%clk 1:34:44]} 43. h3 {[%clk 0:25:01]} h6 {[%clk 1:35:08]}
44. Kh2 {[%clk 0:24:26]} Qb8+ {[%clk 1:34:38]} 45. Kg2 {[%clk 0:24:35]} Qb7+
{[%clk 1:34:58]} 46. Kh2 {[%clk 0:22:34]} Qc7+ {[%clk 1:35:10]} 47. Kg2
{[%clk 0:21:24]} Qc2+ {[%clk 1:35:26]} 48. Kh1 {[%clk 0:21:20]} Qc1+
{[%clk 1:33:40]} 49. Kh2 {[%clk 0:21:43]} Qf4+ {[%clk 1:33:38]} 50. Kh1
{[%clk 0:21:49]} Qf6 {[%clk 1:33:41]} 51. Qe8+ {[%clk 0:20:52]} Kh7
{[%clk 1:34:01]} 52. Qe4+ {[%clk 0:20:46]} Qg6 {[%clk 1:34:23]} 53. Qa8
{[%clk 0:19:31]} Qe6 {[%clk 1:33:44]} 54. Kh2 {[%clk 0:19:24]} g5
{[%clk 1:33:56]} 55. Qf3 {[%clk 0:18:21]} Qd6+ {[%clk 1:32:01]} 56. Kh1
{[%clk 0:16:55]} Kg7 {[%clk 1:32:06]} 57. Qb7+ {[%clk 0:16:11]} Kf6
{[%clk 1:32:10]} 58. Qf3+ {[%clk 0:16:13]} Ke7 {[%clk 1:30:14]} 59. Qb7+
{[%clk 0:15:42]} Qd7 {[%clk 1:28:42]} 60. Qe4+ {[%clk 0:11:02]} Qe6
{[%clk 1:28:27]} 61. Qb7+ {[%clk 0:11:27]} Kf6 {[%clk 1:28:30]} 62. Qf3+
{[%clk 0:11:37]} Kg6 {[%clk 1:28:09]} 63. Qd3+ {[%clk 0:09:15]} Kh5
{[%clk 1:27:42]} 64. Qf3+ {[%clk 0:08:17]} Kh4 {[%clk 1:23:11]} 65. Kg2
{[%clk 0:08:38]} Qa2+ {[%clk 1:23:32]} 66. Kh1 {[%clk 0:08:33]} Qb1+
{[%clk 1:23:51]} 67. Kg2 {[%clk 0:08:16]} Qc2+ {[%clk 1:24:13]} 68. Kg1
{[%clk 0:07:19]} Qc1+ {[%clk 1:24:28]} 69. Kg2 {[%clk 0:07:33]} Qd2+
{[%clk 1:24:47]} 70. Kh1 {[%clk 0:06:03]} Qf4 {[%clk 1:24:34]} 71. Qd3
{[%clk 0:04:21]} Qg3 {[%clk 1:23:17]} 72. Qe4+ {[%clk 0:04:31]} g4
{[%clk 1:22:56]} 73. a4 {[%clk 0:00:39]} Kxh3 {[%clk 1:22:02]} 74. Qe2
{[%clk 0:00:33]} Qf3+ {[%clk 1:22:26]} 0-1

[Event "World Chess Olympiad 2018"]
[Site "Batumi"]
[Date "2018.09.30"]
[Round "6"]
[Board "1"]
[WhiteFideId "1610856"]
[White "Ragger Markus"]
[BlackFideId "6351921"]
[Black "Saraci Nderim"]
[Result "1-0"]
[LiveChessVersion "1.4.8"]
[BlackElo "2408"]
[WhiteElo "2686"]

1. e4 {[%clk 1:30:58]} c5 {[%clk 1:30:41]} 2. Nf3 {[%clk 1:31:25]} Nc6
{[%clk 1:30:36]} 3. d4 {[%clk 1:31:51]} cxd4 {[%clk 1:30:59]} 4. Nxd4
{[%clk 1:32:19]} g6 {[%clk 1:30:35]} 5. c4 {[%clk 1:32:43]} Bg7 {[%clk 1:30:56]}
6. Be3 {[%clk 1:33:11]} Nf6 {[%clk 1:31:15]} 7. Nc3 {[%clk 1:33:39]} O-O
{[%clk 1:30:24]} 8. Be2 {[%clk 1:34:05]} d6 {[%clk 1:30:44]} 9. O-O
{[%clk 1:34:29]} Bd7 {[%clk 1:29:46]} 10. Nc2 {[%clk 1:34:51]} Rc8
{[%clk 1:29:24]} 11. f3 {[%clk 1:33:29]} Na5 {[%clk 1:18:42]} 12. b3
{[%clk 1:29:03]} Ne8 {[%clk 0:57:10]} 13. Qd2 {[%clk 1:10:48]} b6
{[%clk 0:50:49]} 14. Rac1 {[%clk 1:05:58]} f5 {[%clk 0:47:41]} 15. exf5
{[%clk 0:59:37]} Bxf5 {[%clk 0:47:05]} 16. Nb5 {[%clk 0:46:35]} Nc6
{[%clk 0:43:09]} 17. Nb4 {[%clk 0:45:42]} Nxb4 {[%clk 0:37:21]} 18. Qxb4
{[%clk 0:46:08]} Qd7 {[%clk 0:33:59]} 19. Nd4 {[%clk 0:36:24]} Be6
{[%clk 0:27:39]} 20. Nxe6 {[%clk 0:33:50]} Qxe6 {[%clk 0:27:41]} 21. Qd2
{[%clk 0:34:19]} Nf6 {[%clk 0:24:56]} 22. Rfe1 {[%clk 0:34:23]} Qf7
{[%clk 0:23:39]} 23. Bf1 {[%clk 0:30:22]} Rcd8 {[%clk 0:18:38]} 24. Bf2
{[%clk 0:29:05]} Nd7 {[%clk 0:15:31]} 25. c5 {[%clk 0:21:34]} Nxc5
{[%clk 0:11:50]} 26. b4 {[%clk 0:22:02]} Ne6 {[%clk 0:07:15]} 27. Bc4
{[%clk 0:14:04]} Be5 {[%clk 0:02:41]} 28. Qd5 {[%clk 0:07:12]} Nf4
{[%clk 0:00:38]} 29. Qxf7+ {[%clk 0:07:09]} Rxf7 {[%clk 0:01:06]} 30. Bxf7+
{[%clk 0:07:35]} Kxf7 {[%clk 0:01:34]} 31. Rc7 {[%clk 0:07:52]} Nd3
{[%clk 0:01:02]} 32. Rd1 {[%clk 0:05:56]} Nxf2 {[%clk 0:00:45]} 33. Kxf2
{[%clk 0:06:24]} a5 {[%clk 0:01:00]} 34. b5 {[%clk 0:06:26]} Bb2 {[%clk 0:00:38]}
35. Rd3 {[%clk 0:06:18]} a4 {[%clk 0:00:41]} 36. Ke2 {[%clk 0:05:53]} a3
{[%clk 0:00:40]} 37. Rb7 {[%clk 0:05:12]} Rc8 {[%clk 0:00:41]} 38. Rxb6
{[%clk 0:05:36]} Rc2+ {[%clk 0:00:36]} 39. Rd2 {[%clk 0:05:44]} Rc4
{[%clk 0:00:56]} 40. Ra6 {[%clk 0:34:01]} Rb4 {[%clk 0:31:13]} 41. b6
{[%clk 0:34:30]} Ke6 {[%clk 0:30:00]} 42. Rc2 {[%clk 0:33:42]} Bd4
{[%clk 0:27:17]} 43. Rxa3 {[%clk 0:31:56]} Rxb6 {[%clk 0:27:36]} 44. Kd3
{[%clk 0:27:40]} Bf6 {[%clk 0:26:42]} 45. Rb3 {[%clk 0:27:45]} Ra6
{[%clk 0:27:04]} 46. a3 {[%clk 0:28:13]} Ra5 {[%clk 0:25:27]} 47. Ra2
{[%clk 0:27:23]} Rd5+ {[%clk 0:25:29]} 48. Ke2 {[%clk 0:26:54]} Bd4
{[%clk 0:25:39]} 49. a4 {[%clk 0:24:10]} Ra5 {[%clk 0:25:50]} 50. Rb5
{[%clk 0:23:49]} Ra6 {[%clk 0:26:13]} 51. Kd3 {[%clk 0:23:39]} 1-0

[Event "World Chess Olympiad 2018"]
[Site "Batumi"]
[Date "2018.09.30"]
[Round "6"]
[Board "2"]
[WhiteFideId "937576"]
[White "Ondozi Murtez"]
[BlackFideId "1612468"]
[Black "Diermair Andreas"]
[Result "1/2-1/2"]
[LiveChessVersion "1.4.8"]
[BlackElo "2501"]
[WhiteElo "2402"]

1. d4 {[%clk 1:30:53]} d5 {[%clk 1:30:53]} 2. Bf4 {[%clk 1:31:00]} Nf6
{[%clk 1:30:37]} 3. c3 {[%clk 1:31:11]} e6 {[%clk 1:29:32]} 4. Nf3
{[%clk 1:31:23]} c5 {[%clk 1:29:50]} 5. e3 {[%clk 1:31:43]} Nc6 {[%clk 1:30:12]}
6. h3 {[%clk 1:31:57]} Bd6 {[%clk 1:28:51]} 7. Bxd6 {[%clk 1:32:03]} Qxd6
{[%clk 1:29:16]} 8. Nbd2 {[%clk 1:32:29]} O-O {[%clk 1:28:44]} 9. Be2
{[%clk 1:32:50]} e5 {[%clk 1:24:05]} 10. dxe5 {[%clk 1:32:29]} Nxe5
{[%clk 1:24:30]} 11. Nxe5 {[%clk 1:32:32]} Qxe5 {[%clk 1:24:56]} 12. O-O
{[%clk 1:32:53]} Bf5 {[%clk 1:24:15]} 13. Nf3 {[%clk 1:32:58]} Qe7
{[%clk 1:24:03]} 14. Bd3 {[%clk 1:32:40]} Be4 {[%clk 1:19:51]} 15. Qe2
{[%clk 1:32:26]} Rad8 {[%clk 1:18:57]} 16. Rfd1 {[%clk 1:32:33]} Rd7
{[%clk 1:06:33]} 17. Rd2 {[%clk 1:30:39]} Rfd8 {[%clk 1:05:54]} 18. Rad1
{[%clk 1:31:04]} h6 {[%clk 1:04:43]} 19. Bc2 {[%clk 1:20:58]} Rd6
{[%clk 0:55:18]} 20. Ne1 {[%clk 1:17:03]} Bxc2 {[%clk 0:48:14]} 21. Rxc2
{[%clk 1:16:59]} Ne4 {[%clk 0:48:11]} 22. Nf3 {[%clk 1:14:17]} Qf6
{[%clk 0:44:20]} 23. Nd2 {[%clk 1:12:05]} Ng5 {[%clk 0:44:17]} 24. Nf3
{[%clk 1:12:28]} Ne4 {[%clk 0:39:44]} 25. Nd2 {[%clk 1:12:52]} Qg6
{[%clk 0:39:07]} 26. Nf3 {[%clk 1:05:50]} Qf5 {[%clk 0:37:57]} 27. Nh4
{[%clk 1:04:01]} Qf6 {[%clk 0:35:49]} 28. Nf3 {[%clk 1:04:21]} a6
{[%clk 0:33:21]} 29. a3 {[%clk 1:01:35]} Qe6 {[%clk 0:26:03]} 30. Rd3
{[%clk 0:56:36]} Qe7 {[%clk 0:19:04]} 31. Qd1 {[%clk 0:54:39]} R8d7
{[%clk 0:18:37]} 32. Re2 {[%clk 0:53:30]} h5 {[%clk 0:17:38]} 33. Nh2
{[%clk 0:46:51]} Qg5 {[%clk 0:15:49]} 34. Nf1 {[%clk 0:39:02]} Qg6
{[%clk 0:10:34]} 35. f3 {[%clk 0:37:44]} Ng5 {[%clk 0:09:58]} 36. Kh1
{[%clk 0:36:40]} Ne6 {[%clk 0:09:35]} 37. Red2 {[%clk 0:29:14]} h4
{[%clk 0:07:28]} 38. Kg1 {[%clk 0:26:35]} Ng5 {[%clk 0:06:24]} 39. Rxd5
{[%clk 0:21:30]} Nxh3+ {[%clk 0:03:31]} 40. Kh2 {[%clk 0:51:52]} Rxd5
{[%clk 0:31:47]} 41. Rxd5 {[%clk 0:52:21]} Nf2 {[%clk 0:29:49]} 42. Qd2
{[%clk 0:52:19]} Qb1 {[%clk 0:18:44]} 43. Kg1 {[%clk 0:50:55]} Rxd5
{[%clk 0:18:57]} 44. Qxd5 {[%clk 0:51:23]} Nd3 {[%clk 0:18:41]} 45. Qd8+
{[%clk 0:51:25]} Kh7 {[%clk 0:19:06]} 46. Qxh4+ {[%clk 0:51:47]} Kg8
{[%clk 0:19:11]} 47. Qe4 {[%clk 0:37:10]} g6 {[%clk 0:17:38]} 48. Qxb7
{[%clk 0:37:11]} Qc2 {[%clk 0:13:29]} 49. Kh2 {[%clk 0:33:12]} Qf2
{[%clk 0:12:16]} 50. Ng3 {[%clk 0:33:10]} Qxe3 {[%clk 0:11:41]} 51. Qxa6
{[%clk 0:27:57]} Qh6+ {[%clk 0:11:58]} 52. Kg1 {[%clk 0:28:23]} Qe3+
{[%clk 0:12:18]} 53. Kh2 {[%clk 0:28:52]} Qh6+ {[%clk 0:12:38]} 1/2-1/2